Napoleon quiz - Statistics

General Stats
  • This quiz has been taken 147 times
  • The average score is 14 of 20
Answer Stats
Hint Answer % Correct
Country he fought for France
96%
Island he was born on corsica
94%
his last name Bonaparte
93%
What island was he exiled to Elba
91%
What island was he exiled to after Elba st Helena
89%
How many coalitions did he win 5
88%
Name of his first wife Josephine
86%
African country he conquered Egypt
85%
how many coalitions were there( not counting the 7th) 6
83%
his official title at the peak of his career emperor
80%
He discovered the Rosetta ___ stone
75%
Country where is his first campaign took place Italy
73%
How old was he when he died 51
71%
Year he was born 1769
70%
What year did he die 1821
67%
was his height average for the time Yes
66%
His height 5’6
54%
why was he exiled to st Helena (because he left Elba to____ france) conquer
35%
the name of the first time he fought a lot of European countries war of the first coalition
23%
Name of his sister Pauline
21%
No matching quizzes found
Score Distribution
Percent of People with Each Score
Percentile by Number Answered
Your Score History
You have not taken this quiz